Selección de la mejor tecnología para secado de carbon Zent
שמור ב:
| מחבר ראשי: | |
|---|---|
| פורמט: | ספר |
| יצא לאור: |
San José, Costa Rica
1991
|
| נושאים: | |
| תגים: |
הוספת תג
אין תגיות, היה/י הראשונ/ה לתייג את הרשומה!
|
MARC
| LEADER | 00000nam a2200000Ia 4500 | ||
|---|---|---|---|
| 003 | 005412 | ||
| 005 | 20221231144323.0 | ||
| 008 | 140114s1991 cr a m 000 ||s d | ||
| 040 | |c cru CEDI | ||
| 090 | |a TFG 2578 | ||
| 100 | |a Viales García, Víctor |9 12451 | ||
| 245 | |a Selección de la mejor tecnología para secado de carbon Zent | ||
| 260 | |c 1991 |a San José, Costa Rica | ||
| 300 | |a v 169 hojas ; 28 cm. | ||
| 500 | |a Proyecto de graduación(licenciatura en ingeniería química)--Universidad de Costa Rica. Facultad de Ingeniería. Escuela de Ingeniería Química | ||
| 650 | |x CARBON - SECADO |9 12452 | ||
| 942 | |c TFG | ||
| 999 | |c 20107 |d 20107 | ||
